1231 1908 1975 1045 1672 1331 1210 1809 1465 1365 1830 1775 1230 1557 1090 1461 1103 1113 1121 1400 1464 1480 1786 1082 1131 1138 1078 1819 1339 1291 1315 1752 1122 1497 1024 1037 1627 1162 1806 1663 1691 1900 1714 1077 1094 1484 1121 1829 1100 1487 1222 1613 1042 1262 1018 1786 1726 1479 1403 1493 1926 1907 1212 1291 1061 1438 1304 1132 1826 1194 1319 1555 1666 1484 1591 1566 1955 1565 1208 1481 1635 1553 1971 1284 1079 1641 1459 1443 1229 1193 1905 1338 1232 1026 1759 1710 1426 1332 1948 BCNSPRNW ULIB Ver.6.0+V

เปลี่ยนเป็นภาษาไทย

Change to English
 แสดงรายละเอียดบรรณานุกรม
  กลับหน้าหลัก

Brief Record : Get Marc (ISO 2709) : E-mail record : QR code < ปิดหน้าต่าง
LEADER : 00000nam 2200000uu 4500
001    13399127650
003     ULIB
008    210311s2562||||th 000 0 tha d
020 ^  ^a9786160035540
050 ^  ^aนว^bส866จ
100 0  ^aสุริยาทิศ
245 1  ^aจูบนั้นตลอดกาล /^cสุริยาทิศ
250 ^  ^aพิมพ์ครั้งที่ 1.
260 ^  ^aกรุงเทพฯ :^bพิมพ์คำ,^c2562.
300 ^  ^a436 หน้า ;^c21 ซม.
490 0  ^aจุมพิตรัตติกาล
945    ^p300^l0^i007999
999    ^aประนอม เกษจรัล
รายการนี้ยังไม่มีแท็ก
คุณยังไม่ได้ล็อกอิน คุณสามารถมีกิจกรรมร่วมกับเว็บไซต์ได้ แต่ต้องล็อกอินก่อน ::
  ล็อกอิน

รายการสื่อสารสนเทศ

ลำดับที่ ประเภท เลขเรียก/บาร์โค้ด สถานที่ สถานะ
1. นวนิยาย
นวนิยาย
นว ส866จ ฉ.1 
  Barcode: 007999
ห้องสมุดวิทยาเขตสวรรค์ประชารักษ์
►หนังสือทั่วไป
บนชั้น

รายการใกล้เคียง
    ผู้แต่ง [สุริยาทิศ]

BibComment


ยังไม่เคยถูกคอมเมนท์

คอมเมนท์ทรัพยากรรายการนี้
  คอมเมนท์: จูบนั้นตลอดกาล ..


 Copyright 2026. Bcnsprnw @Library